LEADER 01040nam a2200253 u 4500 001 000000052825 003 CaOOAMICUS 005 20070226115507.0 008 001025s1984 it u000 u ita u 035 $a10859466 040 $aPUL(R)$bita 100 1 $aTedeschi, Mario.$0(OLS)http://pul/name/21538 245 10$aAlle radici del separatismo americano /$cMario Tedeschi. 260 $aMilano :$bGiuffrè,$c1984. 300 $aP. [83]-118 ;$c25 cm 500 $aEstratto da: "Il Diritto ecclesiastico e rassegna di diritto matrimoniale, gennaio-giugno 1984, n.1-2". 504 $aBibliografia in nota. 650 4$aChiesa e stato$zStati Uniti.$0(OLS)http://pul/subject/2321 850 $aPUL 852 $aPUL$W1$xDP1 Fondo Ciprotti$y59$m1544 F 52$j69768$nBK-PRI$b $qFondi$B69768$CPULBib$Z2$F69768 $H $81 941 1 $a1 961 $aINV: F. Ciprotti 996 $6245$aAlle radici del separatismo americano$9(OLS)http://pul/title/70839 996 $6260$aMilano :$bGiuffrè$9(OLS)http://pul/publisher/48401 LEADER 01502nam a2200325 u 4500 001 000000047399 003 CaOOAMICUS 005 20070226114900.0 008 990925s1999 it c u000 u ita u 020 $a8821304132 035 $a10833218 040 $aIPA$bita$dPUL(R) 245 00$aDilexit Ecclesiam :$bstudi in onore del prof. Donato Valentini /$cpresentazione di Sua Em. il Card. Joseph Ratzinger ; a cura di Gianfranco Coffele. 260 $aRoma :$bLAS,$c1999. 300 $a1020 p. :$bant. (ritr.) ;$c24 cm 490 1 $aBiblioteca di scienze religiose ;$v149 504 $aBibliografia di D. Valentini: p. 28-33. 600 14$aValentini, Donato.$0(OLS)http://pul/subject/19966 700 1 $aValentini, Donato.$0(OLS)http://pul/name/15660 700 1 $aCoffele, Gianfranco,$cS.D.B.$0(OLS)http://pul/name/138 830 0$aBiblioteca di scienze religiose (Libreria Ateneo salesiano) ;$v149.$0(OLS)http://pul/title/491 850 $aPUL 852 $aPUL$W1$xSL Religione 2$y84$mTheol A3 149$j63348$nBK-PRI$b $qStampati altre collocazioni$B63348$CPULBib$Z2$F63348 $H $81 941 1 $a10 961 $aINV: 81132 983 0$aNuova biblioteca di scienze religiose. 983 0$aBiblioteca di scienze religiose (LAS) 996 $6020$a8821304132$9(OLS)http://pul/number/59172 996 $6245$aDilexit Ecclesiam :$bstudi in onore del prof. Donato Valentini$9(OLS)http://pul/title/63807 996 $6260$aRoma :$bLAS$9(OLS)http://pul/publisher/48069